[Event "Bad Lauterberg"]
[Site "Bad Lauterberg"]
[Date "1991.??.??"]
[Round "5"]
[White "Luther, Thomas"]
[Black "Gruenberg, Hans Ulrich"]
[Result "1/2-1/2"]
[WhiteElo "2495"]
[BlackElo "2530"]
[PlyCount "37"]
[EventDate "1991.11.??"]
[Source "ChessBase"]

1. e4 c5 2. Nf3 d6 3. d4 cxd4 4. Nxd4 Nf6 5. Nc3 a6 6. Bg5 e6 7. f4 Qb6 8. Qd2 Qxb2 9. Rb1 Qa3 10. f5 Nc6 11. fxe6 fxe6 12. Nxc6 bxc6 13. Be2 Be7 14. O-O O-O 15. Rb3 Qc5+ 16. Be3 Qe5 17. Bf4 Qc5+ 18. Be3 Qe5 19. Bf4 1/2-1/2

[Event "XIX Czech Chladek & Tintera A Open"]
[Site "Pardubice CEC"]
[Date "2008.07.24"]
[Round "7"]
[White "Schneider, Il"]
[Black "Zakhartsov, Vi"]
[Result "0-1"]
[WhiteElo "2468"]
[BlackElo "2556"]
[PlyCount "84"]
[EventDate "2008.07.18"]
[Source "www.chesslib.no"]
[SourceDate "2004.05.04"]

1. e4 c5 2. Nf3 d6 3. d4 cxd4 4. Nxd4 Nf6 5. Nc3 a6 6. Bg5 e6 7. f4 Qb6 8. Qd2 Qxb2 9. Rb1 Qa3 10. e5 h6 11. Bh4 dxe5 12. fxe5 Nfd7 13. Ne4 Qxa2 14. Rd1 Qd5 15. Qe3 Bc5 16. Be2 O-O 17. Nf6+ gxf6 18. Qxh6 Qxg2 19. Rd3 Qxh1+ 20. Kd2 Qxh2 21. Nxe6 fxe6 22. Qg6+ Kh8 23. Qh6+ Kg8 24. Qg6+ Kh8 25. exf6 Nxf6 26. Bxf6+ Rxf6 27. Qxf6+ Kh7 28. Qf7+ Kh6 29. Qf6+ Kh7 30. Qf7+ Kh6 31. Qg8 Bb4+ 32. c3 Bd6 33. Qh8+ Kg6 34. Qg8+ Kf6 35. Qd8+ Kf7 36. Rxd6 Qh6+ 37. Kd1 Nc6 38. Qc7+ Ne7 39. Rd4 e5 40. Qxe5 Bf5 41. Rd6 Qh1+ 42. Kd2 Qh4 0-1

[Event "Corr"]
[Site "?"]
[Date "2001.??.??"]
[Round "?"]
[White "De Sa Ermano Soares"]
[Black "Mercadal Benejam Josep"]
[Result "1/2-1/2"]
[WhiteElo "2492"]
[BlackElo "2519"]
[PlyCount "49"]
[EventDate "2001.??.??"]
[Source "www.chesslib.no"]
[SourceDate "2004.05.04"]

1. e4 c5 2. Nf3 d6 3. d4 cxd4 4. Nxd4 Nf6 5. Nc3 a6 6. Bg5 e6 7. f4 Qb6 8. Qd2 Qxb2 9. Rb1 Qa3 10. f5 Nc6 11. fxe6 fxe6 12. Nxc6 bxc6 13. Be2 Be7 14. O-O Rf8 15. Bf3 Nd7 16. Bxe7 Qc5+ 17. Kh1 Kxe7 18. e5 Nxe5 19. Qg5+ Ke8 20. Bh5+ Nf7 21. Qxg7 Qxh5 22. Ne4 Qe5 23. Nf6+ Ke7 24. Ng8+ Ke8 25. Nf6+ 1/2-1/2

[Event "Corr"]
[Site "?"]
[Date "2002.07.01"]
[Round "?"]
[White "Mascarenhas Alberto Pinheiro "]
[Black "Blanco Gramajo Cesar Augusto "]
[Result "0-1"]
[WhiteElo "2495"]
[BlackElo "2498"]
[PlyCount "56"]
[EventDate "2002.??.??"]
[Source "www.chesslib.no"]
[SourceDate "2004.05.04"]

1. e4 c5 2. Nf3 d6 3. d4 cxd4 4. Nxd4 Nf6 5. Nc3 a6 6. Bg5 e6 7. f4 Qb6 8. Qd2 Qxb2 9. Rb1 Qa3 10. f5 Nc6 11. fxe6 fxe6 12. Nxc6 bxc6 13. e5 dxe5 14. Bxf6 gxf6 15. Ne4 Be7 16. Be2 h5 17. Rb3 Qa4 18. Nxf6+ Bxf6 19. c4 Bh4+ 20. g3 Be7 21. O-O h4 22. Qd3 Qxa2 23. Bh5+ Rxh5 24. Qg6+ Kd8 25. Rd3+ Kc7 26. Qxh5 Kb6 27. gxh4 Bc5+ 28. Kh1 Qxc4 0-1

[Event "Saint Petersburg"]
[Site "?"]
[Date "2004.??.??"]
[Round "?"]
[White "Solovjov, S."]
[Black "Zakhartsov, V."]
[Result "1-0"]
[WhiteElo "2455"]
[BlackElo "2535"]
[PlyCount "59"]
[EventDate "2004.??.??"]
[Source "Chess Informant"]
[SourceDate "2004.10.01"]

1. e4 c5 2. Nf3 d6 3. d4 cxd4 4. Nxd4 Nf6 5. Nc3 a6 6. Bg5 e6 7. f4 Qb6 8. Qd2 Qxb2 9. Rb1 Qa3 10. f5 Nc6 11. fxe6 fxe6 12. Nxc6 bxc6 13. e5 Nd5 14. Nxd5 cxd5 15. Bd3 dxe5 16. O-O Ra7 17. Kh1 Qc5 18. c4 d4 19. Qd1 Be7 20. Qh5+ Kd8 21. Rf7 Re8 22. Rxg7 Rb7 23. Rf1 h6 24. Qxh6 e4 25. Bxe4 Rc7 26. Rxe7 Rcxe7 27. Rf7 Kc7 28. Bxe7 Rxe7 29. Qf8 Kd7 30. Bc6+ 1-0

[Event "LXI Lega superiore camp. russo"]
[Site "Novokuznetsk RUS"]
[Date "2008.09.14"]
[Round "11"]
[White "Lintchevski, D."]
[Black "Matlakov, M."]
[Result "1/2-1/2"]
[WhiteElo "2506"]
[BlackElo "2484"]
[PlyCount "60"]
[EventDate "2008.09.03"]
[Source "www.chesslib.no"]
[SourceDate "2004.05.04"]

1. e4 c5 2. Nf3 d6 3. d4 cxd4 4. Nxd4 Nf6 5. Nc3 a6 6. Bg5 e6 7. f4 Qb6 8. Qd2 Qxb2 9. Rb1 Qa3 10. f5 Nc6 11. fxe6 fxe6 12. Nxc6 bxc6 13. e5 dxe5 14. Bxf6 gxf6 15. Ne4 Qxa2 16. Rd1 Be7 17. Be2 O-O 18. O-O Ra7 19. Rf3 Rd7 20. Rg3+ Kh8 21. Qh6 Rxd1+ 22. Bxd1 Rf7 23. Qh5 Qa5 24. Kf1 Qd8 25. Qxf7 Qxd1+ 26. Kf2 Qxc2+ 27. Kf3 Qd1+ 28. Kf2 Qc2+ 29. Kf3 Qd1+ 30. Kf2 Qc2+ 1/2-1/2

[Event "Corr"]
[Site "?"]
[Date "2002.06.25"]
[Round "?"]
[White "Cilento Fulvio (ITA)"]
[Black "Czukor Josef (GER)"]
[Result "1-0"]
[WhiteElo "2539"]
[BlackElo "2450"]
[PlyCount "101"]
[EventDate "2002.??.??"]
[Source "www.chesslib.no"]
[SourceDate "2004.05.04"]

1. e4 c5 2. Nf3 d6 3. d4 cxd4 4. Nxd4 Nf6 5. Nc3 a6 6. Bg5 e6 7. f4 Qb6 8. Qd2 Qxb2 9. Rb1 Qa3 10. f5 Nc6 11. fxe6 fxe6 12. Nxc6 bxc6 13. Be2 Be7 14. O-O h6 15. Be3 O-O 16. Rb3 Qa5 17. Nd5 Qd8 18. Nxe7+ Qxe7 19. e5 dxe5 20. Qc3 Qc7 21. Bb6 Qd7 22. Qxe5 Qd5 23. Qg3 e5 24. Rbf3 Qe6 25. Be3 Qe7 26. Qg6 Be6 27. Bxh6 Bd5 28. Bxg7 Qa7+ 29. R1f2 Qxg7 30. Rxf6 Rxf6 31. Rxf6 Qxg6 32. Rxg6+ Kf7 33. Rg3 Bxa2 34. Ra3 Bd5 35. Rxa6 Rb8 36. c4 Be4 37. g3 Rb2 38. Kf1 Bh1 39. Kf2 Rc2 40. Ra7+ Kf6 41. Rc7 Kf5 42. g4+ Ke4 43. Rf7 Kd4 44. g5 e4 45. Kg1 Rc1+ 46. Rf1 Rxf1+ 47. Kxf1 e3 48. g6 Be4 49. g7 Bh7 50. Ke1 Bg8 51. c5 1-0

[Event "XIX Czech Chladek & Tintera A Open"]
[Site "Pardubice CEC"]
[Date "2008.07.22"]
[Round "5"]
[White "Nabaty, T."]
[Black "Zakhartsov, Vi"]
[Result "0-1"]
[WhiteElo "2431"]
[BlackElo "2556"]
[PlyCount "110"]
[EventDate "2008.07.18"]
[Source "www.chesslib.no"]
[SourceDate "2004.05.04"]

1. e4 c5 2. Nf3 d6 3. d4 cxd4 4. Nxd4 Nf6 5. Nc3 a6 6. Bg5 e6 7. f4 Qb6 8. Qd2 Qxb2 9. Rb1 Qa3 10. e5 h6 11. Bh4 dxe5 12. fxe5 Nfd7 13. Ne4 Qxa2 14. Rd1 Qd5 15. Qe3 Bc5 16. Nxe6 Bb4+ 17. c3 Qxe6 18. cxb4 O-O 19. Be2 Nc6 20. O-O Qxe5 21. Bg3 Qe6 22. Rd6 Qe7 23. Rxc6 bxc6 24. Nf6+ Qxf6 25. Rxf6 Nxf6 26. Be5 Nd5 27. Qg3 f6 28. Bd6 Re8 29. Bd3 Be6 30. Qg6 Ne7 31. Qh7+ Kf7 32. Bxe7 Rxe7 33. Bg6+ Kf8 34. Qh8+ Bg8 35. Bh7 Kf7 36. Bd3 Rd8 37. Bh7 Re2 38. h4 Rd4 39. Kh2 Bxh7 40. Qxh7 Rdd2 41. Kh3 Rxg2 42. Qe4 Rc2 43. Qd4 Rgd2 44. Qa7+ Kg6 45. h5+ Kxh5 46. Kg3 Kg6 47. Kf4 Rc4+ 48. Ke3 Rb2 49. Kd3 Rbxb4 50. Qxa6 Re4 51. Qc8 Rbd4+ 52. Kc3 c5 53. Qc7 h5 54. Qg3+ Rg4 55. Qb8 Rde4 0-1

[Event "Corr"]
[Site "?"]
[Date "2001.??.??"]
[Round "?"]
[White "Hyldkrog Lars"]
[Black "Mercadal Benejam Josep"]
[Result "1/2-1/2"]
[WhiteElo "2473"]
[BlackElo "2514"]
[PlyCount "113"]
[EventDate "2001.??.??"]
[Source "www.chesslib.no"]
[SourceDate "2004.05.04"]

1. e4 c5 2. Nf3 d6 3. d4 cxd4 4. Nxd4 Nf6 5. Nc3 a6 6. Bg5 e6 7. f4 Qb6 8. Qd2 Qxb2 9. Rb1 Qa3 10. f5 Nc6 11. fxe6 fxe6 12. Nxc6 bxc6 13. Be2 Be7 14. O-O O-O 15. Rb3 Qc5+ 16. Be3 Qe5 17. Bf4 Qc5+ 18. Kh1 Ng4 19. h3 e5 20. Na4 Qa7 21. Bc4+ Kh8 22. hxg4 exf4 23. Nb6 d5 24. exd5 cxd5 25. Qxd5 Bb7 26. Qh5 Rad8 27. Bd3 Rxd3 28. cxd3 f3 29. g3 Qb8 30. Qh3 Qc7 31. Nc4 Bd5 32. Kh2 Be6 33. Qh5 Bd6 34. Qh4 Bxc4 35. dxc4 Qxc4 36. Rbxf3 Rxf3 37. Qd8+ Bf8 38. Qxf8+ Rxf8 39. Rxf8+ Qg8 40. Rxg8+ Kxg8 41. Kg2 Kf7 42. Kf3 Kf6 43. Kf4 h6 44. a4 a5 45. g5+ hxg5+ 46. Ke4 Ke6 47. g4 g6 48. Kd4 Kd6 49. Kc4 Ke5 50. Kb5 Kf4 51. Kxa5 Kxg4 52. Kb5 Kh3 53. a5 g4 54. a6 g3 55. a7 g2 56. a8=Q g1=Q 57. Qh8+ 1/2-1/2

[Event "Gausdal zt"]
[Site "Gausdal"]
[Date "1985.??.??"]
[Round "?"]
[White "Ernst, Thomas"]
[Black "Hjartarson, Johann"]
[Result "1-0"]
[WhiteElo "2450"]
[BlackElo "2530"]
[PlyCount "51"]
[EventDate "1985.01.??"]
[Source "ChessBase"]

1. e4 c5 2. Nf3 d6 3. d4 cxd4 4. Nxd4 Nf6 5. Nc3 a6 6. Bg5 e6 7. f4 Qb6 8. Qd2 Qxb2 9. Rb1 Qa3 10. f5 Nc6 11. fxe6 fxe6 12. Nxc6 bxc6 13. e5 dxe5 14. Bxf6 gxf6 15. Ne4 Be7 16. Be2 h5 17. Bf3 Ra7 18. Rb8 Kf7 19. O-O f5 20. Rxc8 Rxc8 21. Qh6 Ke8 22. Rd1 Bc5+ 23. Kh1 Bd4 24. Qxe6+ Kd8 25. Nd6 Rd7 26. Nxc8 1-0